Central Library OPAC University of Rajshahi

Power and party bureaucracy in Britain : (Record no. 42306)

MARC details
000 -LEADER
fixed length control field 00874nam a2200253 a 4500
001 - CONTROL NUMBER
control field 42306
003 - CONTROL NUMBER IDENTIFIER
rucl marc code BD-RjUL
005 - DATE AND TIME OF LATEST TRANSACTION
control field 20211209053524.0
008 - FIXED-LENGTH DATA ELEMENTS--GENERAL INFORMATION
fixed length control field 160611s1975 enk b 001 0 eng
020 ## - INTERNATIONAL STANDARD BOOK NUMBER
International Standard Book Number 0347010784
Terms of availability : TK. 5.75
035 ## - SYSTEM CONTROL NUMBER
System control number (BD-RjUL)42424
040 ## - CATALOGING SOURCE
Original cataloging agency DLC
Transcribing agency DLC
Modifying agency DLC
-- BD-RjU
Language of cataloging eng
041 ## - LANGUAGE CODE
Language code of text/sound track or separate title eng
082 00 - DEWEY DECIMAL CLASSIFICATION NUMBER
Classification number 324.241
Edition number 23
Author mark and year WIP 1975
100 1# - MAIN ENTRY--PERSONAL NAME
Personal name Wilson, David J.
9 (RLIN) 130102
245 10 - TITLE STATEMENT
Title Power and party bureaucracy in Britain :
Remainder of title regional organisation in the Conservative and Labour parties /
Statement of responsibility, etc. David J. Wilson.
260 ## - PUBLICATION, DISTRIBUTION, ETC. (IMPRINT)
Place of publication, distribution, etc. Farnborough, Hants. :
Name of publisher, distributor, etc. Saxon House ;
Place of publication, distribution, etc. Lexington, Mass. :
Name of publisher, distributor, etc. Lexington Books,
Date of publication, distribution, etc. 1975.
300 ## - PHYSICAL DESCRIPTION
Pagination ix, 171 p. ;
Size 24 cm.
490 0# - SERIES STATEMENT
Series statement Saxon House studies.
504 ## - BIBLIOGRAPHY, ETC. NOTE
Bibliography, etc Include index and bibliography.
650 #0 - SUBJECT ADDED ENTRY--TOPICAL TERM
Topical term or geographic name as entry element Political parties
Geographic subdivision Great Britain.
9 (RLIN) 130103
830 ## - SERIES ADDED ENTRY--UNIFORM TITLE
Uniform title Saxon House studies.
942 ## - ADDED ENTRY ELEMENTS (KOHA)
Source of classification or shelving scheme Dewey Decimal Classification
Koha item type Books
Holdings
Lost status Source of classification or shelving scheme Damaged status Not for loan Collection code Permanent Location Current Location Shelving location Date acquired Source of acquisition Cost, normal purchase price Total Checkouts Full call number Date last seen Copy number Koha item type
  Dewey Decimal Classification     Non-fiction Central Library, University of Rajshahi Central Library, University of Rajshahi   09/08/1979 Heffor 7.50   324.241 WIP 1975 11/06/2016 C-2 Books
  Dewey Decimal Classification     Non-fiction Central Library, University of Rajshahi Central Library, University of Rajshahi   09/08/1979 Heffor 7.50   324.241 WIP 1975 11/06/2016 C-3 Books
  Dewey Decimal Classification     Non-fiction Central Library, University of Rajshahi Central Library, University of Rajshahi Electronic Books 09/08/1979 Heffor 7.50   324.241 WIP 1975 11/06/2016 C-4 Books
  Dewey Decimal Classification     Non-fiction Central Library, University of Rajshahi Central Library, University of Rajshahi   26/12/1980 Heffor 6.50   324.241 WIP 1975 11/06/2016 C-5 Books
  Dewey Decimal Classification     Non-fiction Central Library, University of Rajshahi Central Library, University of Rajshahi   26/12/1980 Heffor 6.50   324.241 WIP 1975 11/06/2016 C-6 Books
  Dewey Decimal Classification     Non-fiction Central Library, University of Rajshahi Central Library, University of Rajshahi   26/12/1980 Heffor 6.50   324.241 WIP 1975 11/06/2016 C-7 Books